00709nam a22001817a 4500003000900000008004100009040007100050082001500121100002800136245002900164260003400193300003800227505020500265650001400470650001100484650001900495650001300514AR-CdUCM190514b           ||||| |||| 00| 0 spa d  aMUNICIPALIDAD PROVINCIAL DEL CUSCOcBIBLIOTECA MUNICIPAL DEL CUSCO  a347 /bM77  aMontoya Alberti, Ulises  aEl arbitraje comercial /  aLima :bCultura Cuzco,c1988.  a505 páginas ;bcuadros,c21 cm.  aContenido: Aspectos generales -- El arbitraje y otras formas de solución de conflictos -- Naturaleza jurídica del arbitraje -- El acuerdo arbitral -- Las partes en el arbitraje -- Los arbitros ...  aArbitrios  aPerú  aCódigo civil  aComercio